| 000 | 00400 a2200145 4500 | ||
|---|---|---|---|
| 001 | 79090 | ||
| 082 | _a658.401 DES | ||
| 090 |
_c39582 _d39582 |
||
| 100 | _aGregory G.Dess | ||
| 245 |
_aStrategic Management ; creating competative advantages, (4th Edition) _hEnglish |
||
| 260 |
_aSingapore _bMcGraw Hill _c2010 |
||
| 300 | _axxv+524p | ||
| 500 | _aDOS BS Reference Books | ||
| 505 | _aAHQ Books | ||
| 942 |
_aCAE NUST _k658.401 DES |
||
| 999 |
_c314163 _d314163 |
||